书目信息 |
| 题名: |
孙子兵法
|
|
| 作者: | 孙武 著 | |
| 分册: | ||
| 出版信息: | 武汉 武汉出版社 1994.09 |
|
| 页数: | 190页 | |
| 开本: | 32开 | |
| 丛书名: | ||
| 单 册: | ||
| 中图分类: | E892 | |
| 科图分类: | ||
| 主题词: | 兵法--古代 , 作战方法--古代 | |
| 电子资源: | ||
| ISBN: | 7-5430-1318-5 | |
| 000 | 00554nam0 2200205 45 | |
| 001 | 00110418 7 | |
| 005 | 20001104182042.1 | |
| 010 | @a7-5430-1318-5@d6.80元 | |
| 100 | @a20001104d1994 km y0chiy0120 ea | |
| 101 | 0 | @achi |
| 105 | @a z 000yy | |
| 200 | 1 | @a孙子兵法@ASun Zi Bing Fa@f(春秋)孙武著@F(Chun Qiu)Sun Wu Zhu |
| 210 | @a武汉@c武汉出版社@d1994.09 | |
| 215 | @a190页@d32开 | |
| 606 | 0 | @a兵法@x古代 |
| 606 | 0 | @a作战方法@x古代 |
| 690 | @aE892@v3 | |
| 701 | 0 | @a孙武@4著 |
| 801 | @aCN@bPftUser@c20001104 | |
| 905 | @b197465-470@dE892@eS.593@f6 | |
| 孙子兵法/(春秋)孙武著.-武汉:武汉出版社,1994.09 |
| 190页;32开 |
| ISBN 7-5430-1318-5:6.80元 |
| ● |
| 相关链接 |
|
|
|
正题名:孙子兵法
索取号:E892/S.593
 
预约/预借
| 序号 | 登录号 | 条形码 | 馆藏地/架位号 | 状态 | 备注 |
| 1 | 197465 | 201974658 | 社科库509/509社科库 122排2列6层/ [索取号:E892/S.593] | 在馆 | |
| 2 | 197466 | 201974667 | 社科库509/509社科库 122排2列6层/ [索取号:E892/S.593] | 在馆 | |
| 3 | 197467 | 201974676 | 社科库509/509社科库 122排2列6层/ [索取号:E892/S.593] | 在馆 | |
| 4 | 197468 | 201974685 | 社科库509/509社科库 122排2列6层/ [索取号:E892/S.593] | 在馆 | |
| 5 | 197469 | 201974694 | 社科库509/509社科库 122排2列6层/ [索取号:E892/S.593] | 在馆 | |
| 6 | 197470 | 201974701 | 社科库509/509社科库 122排2列6层/ [索取号:E892/S.593] | 在馆 |